000 01661nam0a2200361 4500
001 RU\NLR\BIBL_A\016366955
005 20230808102020.0
010 _a978-5-09-106114-7
_9300
021 _aRU
_bКН-П-23-024977
_9КН-П-23-2479
021 _aRU
_bКН-П-24-050637
_9КН-П-24-5034
021 _aRU
_bКН-П-24-074700
_9КН-П-24-7467
035 _a(NLR Aleph) 016366955
035 _a(RuMoRGB)011735431
090 _a13169827
_c13169827
100 _a20230512d2023 u y0rusy50 ca
101 0 _arus
102 _aRU
105 _aac j 000zy
181 0 _ai
_baxxe
182 0 _an
200 1 _aТехнология
_iРобототехника
_e5-6 классы
_eучебное пособие
_e[предназначено для использования с робототехнической платформой LEGO® Mindstoms® Education EV3]
_fД. Г. Копосов
203 _aТекст
_bвизуальный
_cнепосредственный
210 _aМосква
_cПросвещение
_d2023
215 _a128 с.
_cил., портр., цв. ил., табл.
_d26
225 1 _aФГОС
333 _a6+
606 1 _aРоботы
_jУчебные издания для средней школы
_9919712
_3RU\NLR\AUTH\6617963
606 1 _aLego MINDSTORMS EDUCATION EV3, робототехнический конструктор
_jУчебные издания для средней школы
_92493715
_3RU\NLR\AUTH\6601695431
686 1 _aЗ816.2-02я721-1
700 1 _aКопосов
_bД. Г.
_gДенис Геннадьевич
942 _cBOOK
980 _aNB